Civil engineering hydraulics / (Record no. 544339)
[ view plain ]
| 000 -LEADER | |
|---|---|
| fixed length control field | 00708cam a2200217 a 4500 |
| 020 ## - INTERNATIONAL STANDARD BOOK NUMBER | |
| International Standard Book Number | 071313514X (pbk.) |
| 082 00 - DEWEY DECIMAL CLASSIFICATION NUMBER | |
| Classification number | 532.002462 |
| Author Mark | FRA |
| -- | L-22,P-39. |
| 100 1# - MAIN ENTRY--PERSONAL NAME | |
| Personal name | Francis, J. R. D. |
| 9 (RLIN) | 39922 |
| 245 10 - TITLE STATEMENT | |
| Title | Civil engineering hydraulics / |
| Statement of responsibility, etc. | J.R.D. Francis and P. Minton. |
| 250 ## - EDITION STATEMENT | |
| Edition statement | 5th ed. |
| 260 ## - PUBLICATION, DISTRIBUTION, ETC. | |
| Place of publication, distribution, etc. | London ; |
| -- | Baltimore, Md., U.S.A. : |
| Name of publisher, distributor, etc. | E. Arnold, |
| Date of publication, distribution, etc. | 1984. |
| 300 ## - PHYSICAL DESCRIPTION | |
| Extent | xi, 387 p. : |
| Other physical details | ill. ; |
| Dimensions | 23 cm. |
| 500 ## - GENERAL NOTE | |
| General note | Includes index. |
| 500 ## - GENERAL NOTE | |
| General note | Rev. ed. of: Fluid mechanics for engineering students. |
| 526 ## - STUDY PROGRAM INFORMATION NOTE | |
| Program name | 0 |
| Interest level | 0 |
| Reading level | 0 |
| Title point value | 532_002462000000000_FRA |
| 650 #0 - SUBJECT ADDED ENTRY--TOPICAL TERM | |
| Topical term or geographic name entry element | Fluid mechanics. |
| 9 (RLIN) | 1678 |
| 650 #0 - SUBJECT ADDED ENTRY--TOPICAL TERM | |
| Topical term or geographic name entry element | MCE |
| 9 (RLIN) | 379 |
| 700 1# - ADDED ENTRY--PERSONAL NAME | |
| Personal name | Francis, J. R. D. |
| 9 (RLIN) | 39922 |
| 700 1# - ADDED ENTRY--PERSONAL NAME | |
| Personal name | Minton, P. |
| 9 (RLIN) | 39923 |
| 942 ## - ADDED ENTRY ELEMENTS (KOHA) | |
| Source of classification or shelving scheme | |
| Koha item type | Book |
| Withdrawn status | Lost status | Source of classification or shelving scheme | Damaged status | Not for loan | Permanent Location | Current Location | Date acquired | Total Checkouts | Full call number | Barcode | Date last seen | Date last checked out | Price effective from | Koha item type |
|---|---|---|---|---|---|---|---|---|---|---|---|---|---|---|
| Military College of Engineering (MCE) | Military College of Engineering (MCE) | 04/17/2014 | 1 | 532.002462 FRA | MCE-24267 | 02/06/2020 | 09/18/2019 | 04/17/2014 | Book |
